|
|
|
|
| LEADER |
00000nab a2200000 a 4500 |
| 001 |
vtls000316388 |
| 003 |
SK-MaSNL |
| 005 |
20260303160357.0 |
| 008 |
230223c1978 xo 0 cze |
| 015 |
|
|
|a SNBRB19rr/mm-uuuuu
|
| 035 |
|
|
|a CL0006480
|
| 035 |
|
|
|a urn:nbn:sk:snk-abbi3c
|
| 035 |
|
|
|a (urnnbn)urn:nbn:sk:snk:ar-005706
|
| 035 |
|
|
|a (uuid)66c504c5-eccd-4db3-a931-03e102ffe699
|
| 040 |
|
|
|a SNKBUCL
|b slo
|c SNKBUCL
|e AACR2
|
| 041 |
0 |
|
|a cze
|
| 044 |
|
|
|a xo
|c SK
|
| 080 |
|
|
|a 608
|2 1981
|
| 245 |
0 |
0 |
|a Zahraniční styky ČSVTS
|
| 610 |
2 |
7 |
|a Československá vedecko-technická spoločnosť
|2 snkbucl
|9 440198
|
| 655 |
|
7 |
|a články z novín a časopisov
|2 snkbucl
|9 267496
|
| 773 |
0 |
|
|t Technická práca
|g Roč. 30, č. 3 (1978), s. 36-41
|
| 850 |
|
|
|a Slovenská národná knižnica v Martine
|a MTA001
|
| 852 |
|
|
|a SNK
|b KIS3GCP
|
| 958 |
|
|
|a OND
|
| 958 |
|
|
|a RK
|
| 958 |
|
|
|a EUIPO
|
| 958 |
|
|
|a article15
|
| 992 |
|
|
|a RBX
|
| 999 |
|
|
|c 2046113
|d 2048043
|